Here's one for the kids (Record no. 78908)
[ view plain ]
| 000 -LEADER | |
|---|---|
| fixed length control field | 00875cab a22001935a 4500 |
| 001 - CONTROL NUMBER | |
| control field | L138548 |
| 008 - FIXED-LENGTH DATA ELEMENTS--GENERAL INFORMATION | |
| fixed length control field | 070620e20070615xxkao f 000 0 eng d |
| 035 ## - SYSTEM CONTROL NUMBER | |
| System control number | (Sirsi) u138548 |
| 041 0# - LANGUAGE CODE | |
| Language code of text/sound track or separate title | eng |
| 100 1# - MAIN ENTRY--PERSONAL NAME | |
| Personal name | King, Alistair |
| 245 00 - TITLE STATEMENT | |
| Title | Here's one for the kids |
| 260 ## - PUBLICATION, DISTRIBUTION, ETC. | |
| Date of publication, distribution, etc. | 2007 |
| 490 ## - SERIES STATEMENT | |
| Series statement | Building Magazine |
| Volume/sequential designation | 15 June 2007 |
| 520 ## - SUMMARY, ETC. | |
| Summary, etc. | Reports recent developments in off-site manufacture. Examines a modular classroom designed by Willmott Dixon. It is designed to be quick to build, affordable, carbon-neutral, and constructed off-site. Describes the use of timber-frame student accommodation designed by pods. Addresses logistical issues including connecting services, transport planning and building elements. |
| 590 ## - LOCAL NOTE (RLIN) | |
| Local note | KA |
| 651 #4 - SUBJECT ADDED ENTRY--GEOGRAPHIC NAME | |
| Geographic name | United Kingdom |
| Chronological subdivision | |
| 690 ## - LOCAL SUBJECT ADDED ENTRY--TOPICAL TERM (OCLC, RLIN) | |
| Topical term or geographic name as entry element | BUILT ENVIRONMENT-CONSTRUCTION MANAGEMENT-CONSTRUCTION DESIGN AND MANAGEMENT |
| 942 ## - ADDED ENTRY ELEMENTS (KOHA) | |
| Suppress in OPAC | 0 |
| Withdrawn status | Lost status | Source of classification or shelving scheme | Damaged status | Not for loan | Home library | Current library | Shelving location | Date acquired | Total Checkouts | Full call number | Barcode | Date last seen | Copy number | Price effective from | Koha item type |
|---|---|---|---|---|---|---|---|---|---|---|---|---|---|---|---|
| Dewey Decimal Classification | London | London | Journal article | 20/06/2007 | L138548 | 138548-1001 | 06/08/2019 | 1 | 06/08/2019 | Journal article |